Statistics for Chrono Cross Playable Characters

Click here to take the quiz!

General Stats

  • This quiz has been taken 13 times
  • The average score is 40 of 45

Answer Stats

Answer% Correct
Draggy
100%
Fargo
100%
Funguy
100%
Glenn
100%
Guile
100%
Harle
100%
Irenes
100%
Karsh
100%
Kid
100%
Korcha
100%
Leena
100%
Lynx
100%
Macha
100%
Marcy
100%
Mel
100%
Miki
100%
Mojo
100%
NeoFio
100%
Nikki
100%
Norris
100%
Orlha
100%
Pierre
100%
Poshul
100%
Razzly
100%
Riddel
100%
Serge
100%
Sneff
100%
Steena
100%
Turnip
100%
Van
100%
Viper
100%
Zappa
100%
Zoah
100%
Doc
67%
Greco
67%
Grobyc
67%
Leah
67%
Luccia
67%
Orcha
67%
Pip
67%
Skelly
67%
Sprigg
67%
Starky
67%
Janice
33%
Radius
33%

Score Distribution

Percentile by Number Answered

Percent of People with Each Score

Your Score History

You have not taken this quiz